000 01430nam a2200289Ia 4500
999 _c55581
_d55581
001 22663
003 GE_BSU
005 20230410165708.0
008 181216s2017||||ge |||||||||||||| ||geo||
020 _a9789941260858
040 _cGE_BSU
041 _ageo
080 _a792.071(=353.1)+821.353.1-94 ბ-45
100 _aბელთაძე, იზოლდა
_92863
245 _aსაქართველოს სახალხო არტისტი მერაბ ხინიკაძე :
_b [ცხოვრება და შემოქმედება] /
_cიზოლდა ბელთაძე ; რედ. შოთა ზოიძე.
264 _aთბილისი :
_bუნივერსალი,
_c2017.
300 _a338 გვ. :
_bფოტ. ;
_c21 სმ.
541 _h5ლ.
653 _aლიტერატურა
653 _aსაქართველოს სახალხო არტისტი მერაბ ხინიკაძე
653 _aცხოვრება და შემოქმედება
653 _aქართველი მსახიობები
653 _aგამოჩენილ ქართველ ადამიანთა ბიოგრაფიები
653 _aხელოვნება
700 _aზოიძე, შოთა
_eრედაქტორი
_94207
942 _cBK
_2udc